Loading...
| Fine Arts - Auditory Fine Arts | 4 | 7.50 | 50% | 25% | 0% |
| Fine Arts - Other Fine Arts | 2 | 10.00 | 50% | 50% | 0% |
| Fine Arts - Visual Fine Arts | 2 | 10.00 | 50% | 50% | 0% |
| History - American History | 2 | 10.00 | 100% | 0% | 0% |
| History - European History | 2 | 10.00 | 100% | 0% | 0% |
| History - Other History | 2 | 10.00 | 100% | 0% | 0% |
| History - World History | 3 | 13.33 | 100% | 33% | 0% |
| Literature - American Literature | 1 | 10.00 | 100% | 0% | 0% |
| Literature - British Literature | 4 | 7.50 | 75% | 0% | 0% |
| Literature - European Literature | 4 | 7.50 | 75% | 0% | 0% |
| Literature - World Literature | 2 | 10.00 | 50% | 0% | 50% |
| Philosophy | 1 | 0.00 | 0% | 0% | 0% |
| Pop Culture | 1 | 10.00 | 100% | 0% | 0% |
| Religion | 2 | 5.00 | 0% | 50% | 0% |
| Science - Biology | 5 | 8.00 | 60% | 20% | 0% |
| Science - Chemistry | 2 | 5.00 | 50% | 0% | 0% |
| Science - Other Science | 3 | 13.33 | 100% | 33% | 0% |
| Science - Physics | 4 | 10.00 | 100% | 0% | 0% |
| Social Science | 6 | 16.67 | 100% | 33% | 33% |